| 000 | 00657 a2200181 4500 | ||
|---|---|---|---|
| 003 | Nust | ||
| 005 | 20170207154457.0 | ||
| 020 | _a064612148O | ||
| 040 | _cNust | ||
| 100 | _aJOHN PAYNE | ||
| 245 |
_aTHE MARINE ELECTRICAL AND ELECTRONICS BIBLE (E-BOOk) _bA PROFESSIONAL MANUAL FOR CRUISING YACHT ELECTRICAL AND ELECTRONICS SYSTEMS _cJOHN PAYNE |
||
| 246 | _aTHE MARINE ELECTRICAL AND ELECTRONICS BIBLE (E-BOOk) | ||
| 260 |
_aIN AUSTRALIA _bJ C PAYNE _c1993 |
||
| 300 | _a126p; | ||
| 505 | _aSECTION 1 - ELECTRICAL SYSTEMS (page-7)SECTION 2 - ELECTRONICS SYSTEMS (Page-261) | ||
| 538 | _aE-Book | ||
| 651 | _aTHE MARINE ELECTRICAL AND ELECTRONICS BIBLE (E-BOOk) | ||
| 942 |
_2ddc _cBK |
||
| 999 |
_c197894 _d197894 |
||